书目信息 |
| 题名: |
迎接中国汽车社会
|
|
| 作者: | 陈清泰 著 | |
| 分册: | ||
| 出版信息: | 北京 中国发展出版社 2004.08 |
|
| 页数: | 299页 | |
| 开本: | 20cm | |
| 丛书名: | ||
| 单 册: | ||
| 中图分类: | F426.471 | |
| 科图分类: | ||
| 主题词: | 工业经济--中国 | |
| 电子资源: | ||
| ISBN: | 7-80087-745-0 | |
| 000 | 00699nam0 2200217 450 | |
| 001 | 0768875684 | |
| 005 | 20071226190847.88 | |
| 010 | @a7-80087-745-0@dCNY32.00 | |
| 100 | @a20071226d2004 km y0chiy0120 ea | |
| 101 | 0 | @achi |
| 102 | @aCN@b110000 | |
| 200 | 1 | @a迎接中国汽车社会@Aying jie zhong guo qi che she hui@e前景·问题·政策@f陈清泰等著@Fchen qing tai deng zhu |
| 210 | @a北京@c中国发展出版社@d2004.08 | |
| 215 | @a299页@d20cm | |
| 517 | 1 | @a前景·问题·政策@Aqian jing·wen ti·zheng ce |
| 606 | 0 | @a工业经济@x中国 |
| 690 | @aF426.471@v4 | |
| 701 | 0 | @a陈清泰@Achen qing tai@4著 |
| 801 | 0 | @aCN@b大连网信软件有限公司图书馆@c20071226 |
| 905 | @aBZT@dF426.471@e2 | |
| 906 | @dCNY32.00@n0@r1 | |
| 迎接中国汽车社会:前景·问题·政策/陈清泰等著.-北京:中国发展出版社,2004.08 |
| 299页;20cm |
| ISBN 7-80087-745-0:CNY32.00 |
| ● |
| 相关链接 |
|
|
|
正题名:迎接中国汽车社会
索取号:F426.471/2
 
预约/预借
| 序号 | 登录号 | 条形码 | 馆藏地/架位号 | 状态 | 备注 |
| 1 | 613980 | 2000613980 | 中心书库北库/ 北库017架B面2列5层19/ [索取号:F426.471/2] | 在馆 | |
| 2 | 613981 | 2000613981 | 中心书库北库/ 北库017架B面2列5层18/ [索取号:F426.471/2] | 在馆 | |
| 3 | 613982 | 2000613982 | 中心书库北库/ 北库017架B面2列5层14/ [索取号:F426.471/2] | 在馆 | |
| 4 | 613983 | 2000613983 | 中心书库北库/ 北库017架B面2列5层17/ [索取号:F426.471/2] | 在馆 | |
| 5 | 613984 | 2000613984 | 中心书库北库/ 北库017架B面2列5层16/ [索取号:F426.471/2] | 在馆 | |
| 6 | 613985 | 2000613985 | 中心书库北库/ 北库017架B面2列5层15/ [索取号:F426.471/2] | 在馆 | |
| 7 | 613986 | 2000613986 | 中心书库北库/ 北库017架B面2列5层20/ [索取号:F426.471/2] | 在馆 | |
| 8 | 613987 | 2000613987 | 中心书库北库/ 北库017架B面2列5层11/ [索取号:F426.471/2] | 在馆 | |
| 9 | 613988 | 2000613988 | 中心书库北库/ 北库017架B面2列5层12/ [索取号:F426.471/2] | 在馆 | |
| 10 | 613989 | 2000613989 | 中心书库北库/ 北库017架B面2列5层13/ [索取号:F426.471/2] | 在馆 |